RN : (Record no. 135451)
[ view plain ]
| 000 -LEADER | |
|---|---|
| fixed length control field | 00723nam a22002297a 4500 |
| 005 - DATE AND TIME OF LATEST TRANSACTION | |
| control field | 20170124110245.0 |
| 010 ## - LIBRARY OF CONGRESS CONTROL NUMBER | |
| LC control number | A-923596 |
| 020 ## - INTERNATIONAL STANDARD BOOK NUMBER | |
| Terms of availability | 00.00 |
| International Standard Book Number | 0283984570 |
| 035 ## - SYSTEM CONTROL NUMBER | |
| System control number | A-923596 |
| 037 ## - SOURCE OF ACQUISITION | |
| Source of stock number/acquisition | Cen Lib/Ret |
| 040 ## - CATALOGING SOURCE | |
| Original cataloging agency | DPL |
| Language of cataloging | EN |
| 082 ## - DEWEY DECIMAL CLASSIFICATION NUMBER | |
| Classification number | 921 |
| Item number | NIX |
| 100 ## - MAIN ENTRY--PERSONAL NAME | |
| Personal name | Nixon, Richard |
| 9 (RLIN) | 97131 |
| 245 ## - TITLE STATEMENT | |
| Title | RN : |
| Statement of responsibility, etc | by Richard Nixon |
| Remainder of title | The memoirs of Richrad Nixon / |
| 260 ## - PUBLICATION, DISTRIBUTION, ETC. (IMPRINT) | |
| Place of publication, distribution, etc | London |
| Name of publisher, distributor, etc | Sidgwick & Jackson |
| Date of publication, distribution, etc | 1978 |
| 270 ## - ADDRESS | |
| City | London |
| 300 ## - PHYSICAL DESCRIPTION | |
| Extent | xi, 1120p. : |
| Dimensions | 19cm(Hb) |
| Other physical details | ill. |
| 500 ## - GENERAL NOTE | |
| General note | Includes index |
| 650 ## - SUBJECT ADDED ENTRY--TOPICAL TERM | |
| Topical term or geographic name as entry element | Nixon, Richard M. -- (Richard Milhous), -- 1913-1994. |
| 9 (RLIN) | 97132 |
| 650 ## - SUBJECT ADDED ENTRY--TOPICAL TERM | |
| Geographic subdivision | |
| Topical term or geographic name as entry element | United States -- Politics and government -- 1945-1989. |
| 9 (RLIN) | 97133 |
| 942 ## - ADDED ENTRY ELEMENTS (KOHA) | |
| Source of classification or shelving scheme | Dewey Decimal Classification |
| Koha item type | English Books |
| Classification part | 921 |
| Call number suffix | NIX |
| Withdrawn status | Lost status | Damaged status | Not for loan | Home library | Current library | Date acquired | Source of acquisition | Cost, normal purchase price | Total Checkouts | Full call number | Barcode | Date last seen | Copy number | Cost, replacement price | Price effective from | Koha item type |
|---|---|---|---|---|---|---|---|---|---|---|---|---|---|---|---|---|
| Central Library | Central Library | 06/10/2015 | Cen Lib/Ret | 0.00 | 921 NIX | A-923596 | 06/10/2015 | 1 | 0.00 | 06/10/2015 | English Books |
